Κατάλογος Βιβλιοθηκών Mediterranean College

Birth to 5 Matters: Non-Statutory Guidance for the Early Years Foundation Stage (Record no. 9069)

MARC details
000 -LEADER
fixed length control field 01536cam a22001934a 4500
005 - ΗΜΕΡΟΜΗΝΙΑ ΚΑΙ ΩΡΑ ΤΕΛΕΥΤΑΙΑΣ ΕΝΗΜΕΡΩΣΗΣ
Πεδίο ελέγχου 20250605164353.0
008 - FIXED-LENGTH DATA ELEMENTS--GENERAL INFORMATION
Πεδίο ελέγχου σταθερού μήκους 250528s ||||||||||||||||||||||||d
035 ## - SYSTEM CONTROL NUMBER
System control number 24173
020 ## - ISBN
ISBN 9780904187823
040 ## - ΠΗΓΗ ΚΑΤΑΛΟΓΟΓΡΑΦΗΣΗΣ
Φορέας πρωτότυπης καταλογογράφησης MC Athens Campus Library
Γλώσσα καταλογογράφησης Ελληνικά, Μοντέρνα (1453-)
Modifying agency MC Athens Campus Library
Κανόνες περιγραφικής καταλογογράφησης AACR2
245 1# - ΤΙΤΛΟΣ ΚΑΙ ΔΗΛΩΣΗ ΥΠΕΥΘΥΝΟΤΗΤΑΣ
Τίτλος Birth to 5 Matters: Non-Statutory Guidance for the Early Years Foundation Stage
260 ## - PUBLICATION, DISTRIBUTION, ETC.
Place of publication, distribution, etc. England
Name of publisher, distributor, etc. Early Education,
Date of publication, distribution, etc. 2021
300 ## - PHYSICAL DESCRIPTION
Extent 126
520 ## - SUMMARY, ETC.
Summary, etc. Preface, Introduction, Foundations of Highest Quality Provision for Children, Principles of the Early Years Foundation Stage, Promoting Voice and Inclusion, Play, Care, Quality Improvement and Leadership, Transitions, A Unique Child, Child Development, Self-Regulation, Learners for Life: Characteristics of Effective Learning, Inclusive Practice and Equalities, Positive Relationships, Parents as Partners, Attachment and the Role of the Key Person, Supporting Development and Learning, Enabling Environments, Learning Environment, The Wider Context, Learning and Development, Observation and Assessment and Planning, Overview of Characteristics of Effective Learning and Areas of Learning and Development, Using Birth to 5 Matters to Support Development and Learning, Characteristics of Effective Learning, Personal and Social and Emotional Development, Communication and Language, Physical Development, Literacy, Mathematics, Understanding the World, Expressive Arts and Design, Glossary, Acknowledgements.
710 2# - ΠΡΟΣΘΕΤΗ ΑΝΑΓΡΑΦΗ--ΣΥΛΛΟΓΙΚΟ ΟΡΓΑΝΟ
Corporate name or jurisdiction name as entry element Early Years Coalition
9 (RLIN) 9827
942 ## - ADDED ENTRY ELEMENTS (KOHA)
Koha item type Books
Holdings
Τύπος τεκμηρίου Βιβλιοθήκη Τρέχουσα τοποθεσία Barcode Αριθμός εισαγωγής Ημερομηνία απόκτησης Ταξιθετικό σύμβολο Αριθμός αντιτύπου Κατάσταση απόσυρσης Κατάσταση χαμένου Κατάσταση κατεστραμμένου Μη δανεισμός Σύνολο δανεισμών Ημερομηνία τελευταίας εμφάνισης Η τιμή ισχύει από
Books MC Athens Campus Library MC Athens Campus Library 9780000090683 7729   370.15/2 EYC 1           05/06/2025 05/06/2025

MC Athens Campus Library
Πατησίων 94 & Κοδριγκτώνος 13, 104 34
Πελλήνης 8 & Πατησίων 107, 112 51
Τ: +30 210 8899600

MC Thessaloniki Campus Library
Ίωνος Δραγούμη 21, 54625 | Ίωνος Δραγούμη 15, 54625
Τ: +30 2310 287779 – Τ: +30 2314 440300